| 000 | 01083namaa2200301 a 4500 | ||
|---|---|---|---|
| 001 | vtls001303901 | ||
| 003 | NLI | ||
| 005 | 20210627043902.0 | ||
| 008 | 120418s1980 dcu i000 0 eng | ||
| 039 | 9 |
_y201204181930 _zVLOAD |
|
| 040 | 0 |
_aNLI _cVTLS-2012_FOD _eAACR2 |
|
| 041 | 0 | _aeng | |
| 044 | _adcu | ||
| 082 | 0 | 4 | _a364.360973 |
| 100 | 1 |
_aJanvier, Richard L. _9725370 |
|
| 245 | 1 | 0 |
_aReports of the national juvenile justice assessment centers : _ban assessment of evaluations of drug abuse prevention programs / _cRichard L. Janvier, David R. Guthmann and Richard F. Catalano |
| 260 |
_aWashington, D.C. : _bUnited States Government Printing Office, _c1980 |
||
| 300 |
_aviii, 48 p. ; _c28 cm. |
||
| 650 | 0 |
_aJuvenile delinquency _9725371 |
|
| 650 | 0 |
_aTeenage sex offenders _9725372 |
|
| 700 | 1 |
_aGuthmann, David R., _4jt. aut _9725373 |
|
| 700 | 1 |
_aCatalano, Richard F., _4jt. aut _9725374 |
|
| 887 | _a | ||
| 901 |
_aAD 131634 _b25.10.2010 |
||
| 902 | _aU.S 364.360973 J 269 | ||
| 949 |
_AVIRTUAITEM _D10000 _X100 _6ADX000131634ENG |
||
| 942 |
_2ddc _cBKS |
||
| 999 |
_aVIRTUA40 _c596137 _d596137 |
||